| 000 | 00928cab a2200265 4500 | ||
|---|---|---|---|
| 001 | WB3519-39 | ||
| 008 | 090401t1999 xxu||||| |||| 00| 0 eng d | ||
| 035 | _a(Sirsi) u93437 | ||
| 041 | _aeng | ||
| 245 | _aProperty headache for Eddie and Gordon | ||
| 260 | _c1999 | ||
| 350 | _a0 | ||
| 490 |
_aEvening Standard _v18 May 1999, 40(2) |
||
| 520 | _aDespite increases in stamp duty and the scrapping of mortgage interest tax relief from April 2000 announced in the last budget, low interest rates mean that a house price boom, leading to the destabilisation of the economy, could be on the way. | ||
| 650 | _aECONOMY | ||
| 650 | _aFORECASTS | ||
| 650 | _aHOUSE PRICE INFLATION | ||
| 650 | _aHOUSE PRICES | ||
| 650 | _aHOUSING MARKET | ||
| 650 | _aMORTGAGE INTEREST TAX RELIEF | ||
| 650 | _aSTAMP DUTY | ||
| 690 | _aPROPERTY-RESIDENTIAL PROPERTY-RESIDENTIAL PROPERTY MARKET | ||
| 942 | _n0 | ||
| 948 | _c19/05/1999 | ||
| 999 |
_c59214 _d59214 |
||